000 00607cam a22002293a 4500
001 13654
003 PGUSA
005 20140828083307.0
008 041006s2004||||xxu|||||s|||||000 1 eng d
040 _aPGUSA
_beng
042 _adc
050 4 _aPQ
100 1 _aMalot, Hector,
_d1830-1907
245 1 0 _aIda et Carmelita
_h[electronic resource] /
_cHector Malot
260 _bProject Gutenberg,
_c2004
506 _aPublic domain in the USA.
516 _aElectronic text
653 _aFiction
830 0 _aProject Gutenberg
_v13654
856 4 0 _uhttp://www.gutenberg.org/ebooks/13654
942 _cEB
999 _c242909
_d242909